|
|
|
|
| LEADER |
02445nam a2200433 a 4500 |
| 001 |
37249 |
| 003 |
BD-DhAAL |
| 005 |
20211125121418.0 |
| 008 |
210117t2012 ii a b 100 0 eng d |
| 999 |
|
|
|c 40301
|d 40301
|
| 010 |
|
|
|a 2013310421
|
| 020 |
|
|
|a 9788170357803
|
| 020 |
|
|
|a 8170357802
|
| 035 |
|
|
|a (OCoLC)ocn797688098
|
| 035 |
|
|
|a (OCoLC)797688098
|
| 037 |
|
|
|a Library of Congress -- New Delhi Overseas Office
|
| 040 |
|
|
|a DKAGE
|b eng
|c DKAGE
|d OCLCO
|d DLC
|d BD-DhAAL
|
| 050 |
0 |
0 |
|a K1401.A6
|b I5837 2010
|
| 082 |
0 |
4 |
|a 346.1724048
|2 23
|
| 245 |
1 |
0 |
|a Intellectual property rights management in developing countries /
|c editors Sheila Mavis Nyatlo, Catherina Caballero and M.A.M. Fernando.
|
| 260 |
|
|
|a New Delhi :
|b Daya Pub. House,
|c c2012.
|
| 300 |
|
|
|a xv, 246 pages :
|b illustrations (some col.) ;
|c 25 cm.
|
| 500 |
|
|
|a "Centre for Science & Technology of the Non-Aligned and other Developing Countries (NAM S&T Centre)."
|
| 504 |
|
|
|a Includes bibliographical references.
|
| 505 |
0 |
|
|a Section 1. African continent -- section 2. American continent -- section 3. Asian continent.
|
| 520 |
|
|
|a Papers presented at the International Advanced Training Course on Intellectual Property Rights (IPR) for NAM and Other Developing Countries, held at New Delhi and Manesar during, 12-17 July 2010.
|
| 526 |
|
|
|a SoL
|
| 541 |
|
|
|a Trim Education
|e 37249, 37250, 37251
|
| 650 |
|
0 |
|a Intellectual property
|z Developing countries.
|9 40656
|
| 650 |
|
0 |
|a Law.
|9 43200
|
| 700 |
1 |
|
|a Nyatlo, Sheila Mavis.
|9 40657
|
| 700 |
1 |
|
|a Caballero, Catherina.
|9 40658
|
| 700 |
1 |
|
|a Fernando, M. A. M.
|9 40659
|
| 710 |
2 |
|
|a Centre for Science and Technology of the Non-Aligned and Other Developing Countries.
|9 40660
|
| 852 |
|
|
|a Ayesha Abed Library
|c General Stacks
|
| 942 |
|
|
|2 ddc
|c BK
|
| 952 |
|
|
|0 0
|1 0
|2 ddc
|4 0
|6 346_172404800000000_INT
|7 0
|9 68141
|a BRACUL
|b BRACUL
|c GEN
|d 2020-03-12
|e Trim Education
|g 1760.00
|l 0
|o 346.1724048 INT
|p 3010037250
|r 2020-03-12
|t 2
|v 1760.00
|w 2020-03-12
|y BK
|x Received During Pandemic
|
| 952 |
|
|
|0 0
|1 0
|2 ddc
|4 0
|6 346_172404800000000_INT
|7 0
|9 68142
|a BRACUL
|b BRACUL
|c GEN
|d 2020-03-12
|e Trim Education
|g 1760.00
|l 0
|o 346.1724048 INT
|p 3010037249
|r 2020-03-12
|t 1
|v 1760.00
|w 2020-03-12
|y BK
|x Received During Pandemic
|
| 952 |
|
|
|0 0
|1 0
|2 ddc
|4 0
|6 346_172404800000000_INT
|7 0
|9 68143
|a BRACUL
|b BRACUL
|c GEN
|d 2020-03-12
|e Trim Education
|g 1760.00
|l 1
|o 346.1724048 INT
|p 3010037251
|r 2026-02-23
|s 2026-02-18
|t 3
|v 1760.00
|w 2020-03-12
|y BK
|x Received During Pandemic
|